ბათუმის შოთა რუსთაველის სახელმწიფო უნივერსიტეტის ბიბლიოთეკა

Clinically oriented anatomy (ბიბ.ჩანაწერი № 51241)

000 -LEADER
fixed length control field 00735nam a2200253Ia 4500
001 - CONTROL NUMBER
control field 18201
003 - CONTROL NUMBER IDENTIFIER
control field GE_BSU
008 - FIXED-LENGTH DATA ELEMENTS--GENERAL INFORMATION
fixed length control field 181216s||||||||xx |||||||||||||| ||und||
020 ## - INTERNATIONAL STANDARD BOOK NUMBER
International Standard Book Number 9780781775250
040 ## - CATALOGING SOURCE
Transcribing agency GE_BSU
080 ## - UNIVERSAL DECIMAL CLASSIFICATION NUMBER
Universal Decimal Classification number 611
100 ## - MAIN ENTRY--PERSONAL NAME
Personal name Keith L. Moore, Arthur F. Dalley ,Anne M.R.Agur
245 ## - TITLE STATEMENT
Title Clinically oriented anatomy
250 ## - EDITION STATEMENT
Edition statement SIXTH Edition
260 ## - PUBLICATION, DISTRIBUTION, ETC.
Place of publication, distribution, etc. Philadelphia
260 ## - PUBLICATION, DISTRIBUTION, ETC.
Name of publisher, distributor, etc. Lippincott Williams & Wilkins
260 ## - PUBLICATION, DISTRIBUTION, ETC.
Date of publication, distribution, etc. 1999
300 ## - PHYSICAL DESCRIPTION
Extent xxxi, 1164 p. : ill. (some col.) ; 28 cm.
653 ## - INDEX TERM--UNCONTROLLED
Uncontrolled term Clinically oriented anatomy
653 ## - INDEX TERM--UNCONTROLLED
Uncontrolled term ადამიანის ანატომია. ანატომია.
653 ## - INDEX TERM--UNCONTROLLED
Uncontrolled term მედიცინა
942 ## - ADDED ENTRY ELEMENTS (KOHA)
Koha item type წიგნი
ეგზემპლარები
Withdrawn status Lost status Damaged status Not for loan Date acquired Barcode Date last seen Price effective from Koha item type
        2018-12-17 46399 2018-12-17 2018-12-17 წიგნი
        2018-12-17 46400 2018-12-17 2018-12-17 წიგნი